| 000 | 00836nam a2200265Ia 4500 | ||
|---|---|---|---|
| 003 | OSt | ||
| 005 | 20221005060146.0 | ||
| 006 | a|||||r|||| 00| 0 | ||
| 007 | ta | ||
| 008 | 221004b |||||||| |||| 00| 0 eng d | ||
| 020 |
_a1861976127 _c225 |
||
| 024 | _a83376 | ||
| 037 |
_b18704, 30/03/2005, Segment Book Distributors _cTextual |
||
| 040 |
_aCRL _cCRL _beng |
||
| 041 |
_2eng _aeng |
||
| 082 | _aP111,8, P4 | ||
| 100 |
_aTruss Lynne _9317380 |
||
| 245 | 0 |
_aEats, shoots and leaves _b The zero tolerance approach to punctuation |
|
| 260 |
_aLondon _bProfile Books U. K. _c2004 |
||
| 300 |
_a209p. _ccm. |
||
| 650 | _a LINGUISTICS | ||
| 650 |
_aENGLISH LANGUAGE - PUNCTUATION _9599393 |
||
| 942 |
_hP111,8, P4 _cTEXL _2cc |
||
| 999 |
_c966223 _d966223 |
||